[Event "Keres Memorial"]
[Site "Tallinn/Parnu"]
[Date "1998.06.29"]
[Round "9"]
[White "Oll, Lembit"]
[Black "Adianto, Utut"]
[Result "1/2-1/2"]
[WhiteElo "2645"]
[BlackElo "2615"]
[Annotator "Mueller,Karsten"]
[PlyCount "50"]
[EventDate "1998.06.19"]
[EventType "tourn"]
[EventRounds "9"]
[EventCountry "EST"]
[EventCategory "15"]
[Source "ChessBase"]
[SourceDate "1998.09.30"]
[WhiteTeamCountry "EST"]
[BlackTeamCountry "CZE"]

1. e4 c6 2. d4 d5 3. exd5 cxd5 4. c4 Nf6 5. Nc3 e6 6. Nf3 Bb4 7. cxd5 Nxd5 8.
Qc2 Nc6 9. Be2 O-O 10. O-O Be7 11. Rd1 Bf6 12. Ne4 (12. Qe4 Nce7 (12... Re8 13.
h4 Nxc3 14. bxc3 Qd5 15. Qc2 h6 16. Rb1 b6 17. Rb5 Qd8 18. Rh5 $40 {
1-0 Kosten,A-Spiridonov,N/Chartres op 1990/EXT 90op (35)}) 13. Bd3 g6 14. Bh6
Re8 15. h4 Bd7 16. Bg5 Bc6 17. Qg4 Nf5 18. Ne4 h6 19. Nxf6+ Nxf6 20. Bxf6 Qxf6
$10 {1-0 Adams,M-Magem Badals,J/EU-chT Debrecen 1992/EU-chT (40)}) 12... h6 13.
Bc4 (13. Nxf6+ Qxf6 14. Qe4 Qf5 (14... Qd8 15. Bd3 f5 16. Qe2 Qd6 17. a3 b6 18.
Re1 $14 {1/2-1/2 Glavina,P-Nedobora,M/Aceimar op 1995/EXT 95op2}) 15. Qh4 Qf6
16. Qg3 Nce7 17. Bd2 $14 {
1/2-1/2 Renet,O-Lobron,E/FRA-FRG Uzes 1990/EXP 21 (48)}) 13... Bd7 14. Qe2 (14.
Bxd5 $2 exd5 15. Nxf6+ Qxf6 16. Qb3 $2 Bg4 $1 $17) 14... Rc8 15. b3 Rc7 16. Bb2
Be7 17. Rac1 Ncb4 18. a3 Nf4 19. Qd2 Nbd5 20. Ne5 Bg5 21. Nxg5 Qxg5 22. Bxd5 (
22. g3 $5 Nh3+ 23. Kg2 Ndf4+ 24. Kf1 (24. Kh1 $4 Qxe5 $1 25. dxe5 Bc6+ $19)
24... Bc6 25. Nxc6 (25. gxf4 $2 Qg1+ 26. Ke2 Qxf2+ 27. Kd3 b5 $17) 25... Rxc6
26. Re1 $1 Nd5 27. Qxg5 Nxg5 28. h4 Nf3 29. Bxd5 exd5 30. Rxc6 bxc6 31. Re7 $14
) 22... exd5 23. g3 Rxc1 24. Bxc1 (24. Qxc1 $4 Ne2+ $19) (24. Rxc1 $4 Nh3+ $19)
24... Nh3+ 25. Kg2 Be6 1/2-1/2

[Event "Rubinstein Memorial 35th"]
[Site "Polanica Zdroj"]
[Date "1998.08.18"]
[Round "2"]
[White "Oll, Lembit"]
[Black "Leko, Peter"]
[Result "1/2-1/2"]
[WhiteElo "2650"]
[BlackElo "2665"]
[PlyCount "120"]
[EventDate "1998.08.17"]
[EventType "tourn"]
[EventRounds "11"]
[EventCountry "POL"]
[EventCategory "17"]
[Source "ChessBase"]
[SourceDate "1998.11.30"]
[WhiteTeamCountry "EST"]
[BlackTeamCountry "CZE"]

1. e4 c6 2. d4 d5 3. exd5 cxd5 4. c4 Nf6 5. Nc3 Nc6 6. Bg5 Qa5 7. Bd2 Qd8 8.
Nf3 dxc4 9. Bxc4 e6 10. Bg5 Be7 11. O-O O-O 12. Re1 a6 13. Bb3 b5 14. d5 Nxd5
15. Bxd5 exd5 16. Qxd5 Qxd5 17. Nxd5 Bxg5 18. Nxg5 Bb7 19. Ne4 Rfd8 20. Rad1
Ne5 21. Nb6 Rxd1 22. Rxd1 Re8 23. Nc5 Bc6 24. Nxa6 Nd3 25. f3 Nxb2 26. Rd6 Bb7
27. Nc7 Re1+ 28. Kf2 Rd1 29. Nxb5 Ba6 30. Nd5 h6 31. Ndc3 Rxd6 32. Nxd6 Nd3+
33. Ke3 Ne1 34. g3 Kf8 35. Nce4 Nc2+ 36. Kf2 Ke7 37. Nf5+ Kf8 38. Nc5 Bb5 39.
a4 Bc6 40. a5 g6 41. Nd6 Ke7 42. Nc4 Bb5 43. Nd2 Kd6 44. Nce4+ Kc6 45. Nc3 Ba6
46. f4 Kc5 47. Nce4+ Kd5 48. Nf6+ Ke6 49. Ng4 Nb4 50. Nf3 Nc6 51. Nfe5 Nxa5 52.
Nxh6 g5 53. Nhxf7 gxf4 54. gxf4 Nb3 55. Kf3 Bc8 56. h4 Nd4+ 57. Kf2 Kf5 58.
Nd6+ Kxf4 59. Ng6+ Kg4 60. Nxc8 Nf5 1/2-1/2

[Event "Rubinstein Memorial 35th"]
[Site "Polanica Zdroj"]
[Date "1998.08.19"]
[Round "3"]
[White "Rublevsky, Sergei"]
[Black "Oll, Lembit"]
[Result "1/2-1/2"]
[WhiteElo "2685"]
[BlackElo "2650"]
[PlyCount "39"]
[EventDate "1998.08.17"]
[EventType "tourn"]
[EventRounds "11"]
[EventCountry "POL"]
[EventCategory "17"]
[Source "ChessBase"]
[SourceDate "1998.11.30"]
[WhiteTeamCountry "EST"]
[BlackTeamCountry "CZE"]

1. e4 e5 2. Nf3 Nf6 3. d4 Nxe4 4. Bd3 d5 5. Nxe5 Nd7 6. Nxd7 Bxd7 7. O-O Bd6 8.
c4 c6 9. cxd5 cxd5 10. Nc3 Nxc3 11. bxc3 O-O 12. Qh5 f5 13. Qf3 Kh8 14. Bf4 Qc7
15. Bxd6 Qxd6 16. Rfe1 Rac8 17. Bc2 Rfe8 18. Bb3 Re4 19. Bc2 Ree8 20. Bb3
1/2-1/2

[Event "Rubinstein Memorial 35th"]
[Site "Polanica Zdroj"]
[Date "1998.08.20"]
[Round "4"]
[White "Oll, Lembit"]
[Black "Ivanchuk, Vassily"]
[Result "1/2-1/2"]
[WhiteElo "2650"]
[BlackElo "2730"]
[Annotator "Psakhis,L"]
[PlyCount "50"]
[EventDate "1998.08.17"]
[EventType "tourn"]
[EventRounds "11"]
[EventCountry "POL"]
[EventCategory "17"]
[Source "ChessBase"]
[SourceDate "1998.11.30"]
[WhiteTeamCountry "EST"]
[BlackTeamCountry "CZE"]

1. e4 e6 2. d4 d5 3. e5 c5 4. c3 Nc6 5. Nf3 Bd7 6. Be2 Rc8 7. O-O a6 $5 {
New fashionable plan, promised for Black stable and good position.} 8. dxc5 {
N New move didn't produced too many troubles for Ivanchuk, but  Black did well
and after} (8. b3 Nge7 9. Bb2 Nf5 10. Bd3 cxd4 11. Bxf5 exf5 12. Nxd4 Be7 13.
Re1 O-O 14. Qd3 Nxd4 15. cxd4 Qa5 $11 {
1/2-1/2 Sveshnikov,E-Epishin,V/Alekhin mem.op 1992 (41)}) (8. Re1 Nge7 9. a3
Ng6 10. b4 cxd4 11. cxd4 Be7 12. Qd3 O-O 13. Nc3 f6 14. exf6 Bxf6 $11 {
0-1 Grosar,K-Pitam,E/Dresden ztW 1998 (38)}) (8. a3 Nh6 9. Kh1 Nf5 10. b4 cxd4
11. cxd4 Be7 12. Bb2 g5 $5 13. g4 Nh6 14. h3 f6 15. exf6 Bxf6 16. Nbd2 Nf7 $13
{0-1 Thipsay,P-Ehlvest,J/Groningen op 1997 (34)}) 8... Bxc5 9. Bf4 Nge7 10. Bd3
f5 $5 11. exf6 (11. Nbd2 Ng6 12. Bg3 (12. Bg5 Qc7) 12... O-O 13. Nb3 Ba7) 11...
gxf6 12. Nh4 (12. Nd4 Ng6 $5 13. Qh5 f5 (13... Kf7 $5)) 12... O-O $1 {
Brave and strong move! Whie can't organized serious threates on the king,s
side, and black,s majority in the centre on the board promised them good
middlegame.} 13. Qg4+ (13. Bh6 Rf7 14. Qh5 (14. Qg4+ Kh8 15. Qh5 Qg8 $13) 14...
Ne5 15. Be2 $13) 13... Kh8 14. Qh5 f5 $8 15. b4 (15. Re1 Rg8 16. Bg5 (16. Nf3
Ng6 17. Bg5 (17. Ng5 Qe7) 17... Qf8 18. Nbd2 e5) 16... Qf8 $132) 15... Bb6 16.
Nd2 Bc7 ({Ivanchuk avoids trap, natural} 16... e5 $2 {lose immediately after}
17. Ndf3 $1 exf4 (17... Qe8 18. Qxe8 Rcxe8 19. Nxe5 $18) 18. Ng5 Kg7 19. Qxh7+
Kf6 20. Qh6+ $18) 17. Be3 (17. Bxc7 Qxc7 18. Ndf3 Rf6 $1 19. Ng5 h6) 17... e5
18. b5 $5 axb5 19. Bxb5 Qe8 (19... f4 $6 20. Bc5 b6 21. Bd3 $1 e4 22. Bxe7 Nxe7
23. Nxe4 $1 $16) 20. Qxe8 Rcxe8 {
Black position looks very nice, but Oll managed to keep equality.} 21. Nb3 f4
22. Bc5 b6 23. Ba3 Nb8 $5 24. Be2 Nbc6 (24... Be6 25. Bb5 $11) 25. Bb5 Nb8
1/2-1/2

[Event "Rubinstein Memorial 35th"]
[Site "Polanica Zdroj"]
[Date "1998.08.22"]
[Round "5"]
[White "Krasenkow, Michal"]
[Black "Oll, Lembit"]
[Result "1-0"]
[WhiteElo "2655"]
[BlackElo "2650"]
[Annotator "Huebner,R"]
[PlyCount "55"]
[EventDate "1998.08.17"]
[EventType "tourn"]
[EventRounds "11"]
[EventCountry "POL"]
[EventCategory "17"]
[Source "ChessBase"]
[SourceDate "1998.11.30"]
[WhiteTeamCountry "EST"]
[BlackTeamCountry "CZE"]

1. d4 {Ftacnik} d5 2. c4 c6 3. Nc3 Nf6 4. e3 a6 5. Nf3 Bg4 6. Qb3 (6. cxd5 $5 {
Ftacnik} cxd5 7. Qb3 Nc6 $8 8. Ne5 Na5 9. Qc2 Bh5 10. Qa4+ $1 $16 {
Vidoniak-Meurrens,P/Eupen/1994/}) 6... Ra7 (6... b5 {Ftacnik} 7. cxd5 Bxf3 (
7... cxd5 8. Ne5 (8. a4 $1 $16) 8... e6 9. h3 Bf5 10. g4 Bg6 11. h4 Nbd7 12. h5
Nxe5 13. dxe5 Be4 14. Nxe4 Nxe4 15. Bg2 Qg5 16. Bxe4 dxe4 17. Qc3 Rd8 18. Qc6+
Rd7 19. Qxe4 Rd5 {0-1 Sinkovics,P-Schrancz,I/HUN-chT2/1993/ (22)}) 8. gxf3 cxd5
9. Bd2 (9. a4 b4 10. Qxb4 Nc6 11. Qb3 e5 12. dxe5 (12. a5 exd4 13. exd4 Bb4 14.
Qa4 Qd6 15. Be3 O-O 16. Bg2 Nxa5 17. O-O Nc4 18. Nb5 Qe7 19. Bg5 Nb6 {
1-0 Ardiansyah,H-Nguyen Anh Dung/World Cities/1997/}) 12... Nxe5 13. Qd1 Bb4
14. Bg2 Qa5 15. O-O Rd8 16. Ne2 O-O 17. Nd4 Rc8 18. b3 Bc3 19. Rb1 Nc6 20. Ne2
d4 21. b4 Nxb4 22. Ba3 {Wells,P-Zschaebitz,K/Dresden op/1996/1-0 (62)}) 9... e6
10. Rc1 Be7 11. Bh3 O-O 12. Ne2 Qb6 13. Nf4 Nc6 14. O-O Bd6 15. Nd3 Rfc8 16.
Qd1 a5 17. Kh1 Ne7 18. Qe2 b4 {
1-0 Christiansen,L-Van der Sterren,P/Ter Apel/1992/ (40)}) (6... Bc8 {Ftacnik}
7. a4 (7. cxd5 cxd5 8. Bd3 e6 9. Ne5 Be7 10. O-O O-O 11. Bd2 Nfd7 12. f4 g6 13.
Rac1 Kg7 14. Nxd7 Nxd7 15. Ne2 b5 16. a4 bxa4 17. Qxa4 Nb6 18. Qb3 Qd6 19. Rc5
Bd7 20. Ba5 Rfb8 21. Qc2 Rb7 22. b3 {
0-1 Martin,B-Dive,R/London SCCU op/1995/ (46)}) (7. Bd2 e6 8. Be2 Nbd7 9. a4
Bd6 10. O-O O-O 11. Rfd1 Qe7 12. cxd5 exd5 13. a5 Ne4 14. Be1 Ndf6 15. h3 Bf5
16. Rdc1 Rab8 17. Na2 Rfe8 18. Bb4 {
1/2-1/2 Zilberman,Y-Slovineanu,V/EUCup f 1997 (32)}) 7... e6 8. Bd3 Be7 9. O-O
O-O 10. Rd1 Nbd7 11. e4 dxe4 12. Nxe4 Nxe4 13. Bxe4 Qc7 14. Be3 Nf6 15. Bc2 Bd7
16. Rac1 Rab8 17. Bg5 Qd8 18. Bf4 Rc8 19. Ne5 {
1/2-1/2 Klima,L-Fuksik,J/CZE Moravia-ch/1995/ (42)}) (6... Bxf3 {Ftacnik} 7.
Qxb7 $16) (6... dxc4 {Ftacnik} 7. Bxc4 $16) (6... Qc8 {Ftacnik} 7. cxd5 Bxf3 8.
gxf3 cxd5 9. Nxd5 Nxd5 10. Qxd5 $16) 7. Ne5 e6 $2 {'?!' Ftacnik.  Ftacnik:
'This modest move will be practically refuted by the forceful play, black has
to look for alternatives in the future games. '} (7... Be6 8. cxd5 (8. c5 $5
Nbd7 9. f4 $14) (8. Bd2 {Ftacnik} g6 9. Be2 Bg7 10. O-O O-O 11. Rfd1 b5 12.
cxb5 axb5 13. a4 Ne4 $1 14. Nxe4 dxe4 15. Qc2 bxa4 16. Rxa4 Rxa4 17. Qxa4 Bd5
18. Bc3 Qc7 $13 {Basin-Bakhmatov/Kiev/1984/}) 8... Bxd5 (8... Nxd5 $6 {Ftacnik}
9. e4 $1 Nxc3 (9... Nf6 $5 10. Qc2 Nbd7 11. Nf3 Bg4 12. Be2 e6 13. O-O $14) 10.
Qxc3 g6 $6 (10... Nd7 11. Nf3 Bg4 12. Be2 $14) 11. d5 $1 cxd5 12. Nxg6 d4 (
12... Rg8 13. Nf4 $1 d4 14. Nxe6 dxc3 15. Nxd8 cxb2 16. Bxb2 Kxd8 $16) 13. Qc5
b6 14. Qe5 Rg8 15. Nxf8 Kxf8 16. Bh6+ $16 Ke8 17. Rc1 Bxa2 (17... d3 $2 18.
Bxd3 $1 $18) (17... Rd7 18. Bf4 Rb7 19. a3 $16) 18. Bf4 Nd7 (18... Rb7 $2 19.
Bxa6 $1 Nxa6 20. Qb5+ Kf8 21. Qxa6 $18) 19. Qxd4 Nc5 20. Qxd8+ Kxd8 21. Be3 a5
$2 (21... Rc7 22. Ra1 Be6 23. Bxc5 Rxc5 24. Rxa6 Kc7 $1 $44) 22. Bxc5 bxc5 23.
Rxc5 $18 Rg6 24. Kd2 Rd6+ 25. Kc2 {
1-0 Kalinin,O-Tsyrulnik,P/URS-chT10 corr9194/1991/}) (8... cxd5 {Ftacnik} 9.
Bd3 Nbd7 $14) 9. Nxd5 cxd5 10. Bd2 e6 11. Qa4+ Nbd7 12. Rc1 Bd6 13. Bb4 b5 14.
Qa3 Rc7 15. Nc6 Qc8 16. Bxd6 Rxc6 17. Rxc6 Qxc6 18. Bd3 a5 19. Kd2 b4 20. Bxb4
axb4 21. Qxb4 Ne4+ 22. Bxe4 dxe4 23. Rc1 Qa6 24. Rc3 {
Ftacnik: '1/2-1/2 Arlandi,E-Godena,M/ITA-ch/1996/ (27)'} f5 25. Ra3 Qf1 26.
Ra8+ Kf7 27. Rxh8 Qd3+ {1/2-1/2 Arlandi,E-Godena,M/ITA-ch 1996}) (7... Bf5 {
Ftacnik} 8. f3 g6 9. cxd5 cxd5 10. e4 Be6 11. Bg5 Bg7 12. exd5 Nxd5 13. Bc4
Bxe5 14. Bxd5 Bxd5 15. Nxd5 Bd6 16. O-O O-O 17. Rfe1 Nc6 18. Rad1 b5 {
Novik,M-Berezjuk,S/Bratislava op/1992/1-0 (57)}) (7... Bh5 $6 {Ftacnik} 8. cxd5
cxd5 9. Qa4+ $1 Nbd7 10. Bb5 $1 Ra8 $8 11. Bxd7+ Nxd7 12. Nxd5 $16) 8. f3 {
'!' Ftacnik.} (8. c5 {Ftacnik} Be7 9. Bd3 Bf5 10. Be2 Nfd7 11. f4 Nxe5 12. fxe5
O-O 13. O-O Nd7 14. Bf3 b6 15. cxb6 Qxb6 16. Qd1 Bg6 17. Na4 {
1/2-1/2 Lorscheid,G-Funke,D/OLWuert/1995/}) 8... Bf5 9. g4 Bg6 10. h4 $18 {
'!' Ftacnik.} h5 (10... dxc4 {Ftacnik} 11. Bxc4 Nfd7 12. Nxd7 Nxd7 13. h5 Qc7
14. Kf2 $18) 11. Nxg6 fxg6 12. g5 Ng8 (12... Nfd7 {Ftacnik} 13. Bd3 Kf7 14.
cxd5 (14. Qc2 $16) 14... cxd5 15. Nxd5 exd5 16. Qxd5+ Ke7 17. Bxg6 Qb6 18. Qf7+
Kd8 19. a3 $16) 13. Bh3 {Ftacnik: 'The result is a position with extremely
weak pawns e6,g6 and no counterpart for the magnificent Bh3.'} Kf7 (13... Qc7 {
Ftacnik} 14. Kf2 e5 15. cxd5 exd4 16. exd4 $18) 14. e4 Ne7 (14... dxe4 {Ftacnik
} 15. c5 Qc8 16. fxe4 $18) 15. Bf4 b5 (15... a5 {Ftacnik} 16. cxd5 cxd5 17.
exd5 exd5 18. Bxb8 a4 19. Nxa4 Qxb8 20. Nc5 $18) 16. cxd5 cxd5 17. exd5 exd5 (
17... Nxd5 {Ftacnik} 18. Bxb8 Qxb8 19. Bxe6+ Kxe6 20. Qxd5+ Ke7 21. O-O-O $18)
18. Bxb8 Qxb8 19. Nxd5 {Ftacnik: 'Oll lives through a strategical breakdown,
the loss of a central pawn represents the last straw.'} Qg3+ 20. Kf1 Ke8 21.
Rc1 Qd6 22. Nxe7 Bxe7 23. Kg2 Rc7 24. Rxc7 Qxc7 25. Re1 Qd6 26. d5 Kf8 27. Re6
Qf4 28. Qc2 1-0

[Event "Rubinstein Memorial 35th"]
[Site "Polanica Zdroj"]
[Date "1998.08.23"]
[Round "6"]
[White "Oll, Lembit"]
[Black "Karpov, Anatoly"]
[Result "1/2-1/2"]
[WhiteElo "2650"]
[BlackElo "2725"]
[Annotator "Avrukh,B"]
[PlyCount "55"]
[EventDate "1998.08.17"]
[EventType "tourn"]
[EventRounds "11"]
[EventCountry "POL"]
[EventCategory "17"]
[Source "ChessBase"]
[SourceDate "1998.11.30"]
[WhiteTeamCountry "EST"]
[BlackTeamCountry "CZE"]

1. d4 Nf6 2. c4 e6 3. Nf3 b6 4. g3 Ba6 5. b3 b5 6. cxb5 Bxb5 7. Nc3 Bb4 8. Bd2
Bc6 9. Bg2 Qc8 (9... O-O 10. O-O a5 (10... Qc8 11. Qc2 a5 12. Rac1 Qb7 13. Bf4
Bxc3 14. Qxc3 a4 $11 {Shneider,A-Shipov,S/Groningen op 1992/0-1 (56)}) 11. Qc2
(11. a3 Bxc3 12. Bxc3 a4 $6 13. b4 d6 14. Rc1 Nbd7 15. Bd2 Bd5 16. Bg5 Qb8 17.
Bxf6 Nxf6 18. Ne1 c6 19. Nd3 $14 {Alterman,B-Gofstein,L Israel 1992}) 11... h6
$5 (11... Bxc3 $143 12. Bxc3 Be4 13. Qd2 a4 14. b4 d6 15. Rfc1 Nbd7 16. Ne1
Bxg2 17. Nxg2 Qb8 18. Qd3 Qb7 19. Rab1 Rfc8 20. f3 Rab8 21. e4 $16 {
Georgiev,Kir-Rajkovic,D Jugoslavija 1991}) (11... Qc8 $2 12. Bg5 $1 Bxc3 13.
Bxf6 Bxa1 14. Ng5 g6 15. Qd2 $16 {/\Ne4}) 12. Rfc1 Qc8 13. Bf4 Qb7 (13... Bxc3
$6 14. Qxc3 Qb7 15. Qd2 $1 Kh7 (15... d6 16. Bxh6 gxh6 17. Qxh6 Nbd7 18. Rxc6
$1 Qxc6 19. Ne5 Qc3 20. Rc1 $16) (15... Ne4 16. Qe3 g5 $2 17. Bxc7 Qxc7 18.
Qxe4 $1 $16) 16. Rc2 Na6 17. Rxc6 $1 dxc6 18. Ne5 $36 {
1-0 Tukmakov,V-Adams,M/Wijk op 1993 (35)}) 14. a3 Bxc3 15. Qxc3 Nd5 16. Qd2
Nxf4 17. Qxf4 Na6 18. Rc3 $14) 10. O-O Bxc3 $146 (10... Qb7 $5 11. a3 (11. Ne1
Bxg2 12. Nxg2 Nc6 13. e3 O-O 14. Na4 e5 15. Bxb4 Qxb4 16. dxe5 Nxe5 $36 {
Johansson,T-Hillarp Persson,T/Rilton Cup 1992/0-1 (58)}) 11... Bxc3 12. Bxc3
O-O 13. b4 d6 14. Qc2 Be4 15. Ne1 Nbd7 16. Bxe4 Qxe4 17. Qxe4 Nxe4 18. Rc1 Nb6
$11 {T: 1.20 - 1.55 1/2-1/2 Mastrokoukos,G-Rajkovic,D/Iraklio Schev 1994 (42)})
11. Bxc3 Qb7 12. Rc1 (12. Ne1 Bxg2 13. Nxg2 O-O 14. Rc1 a5 $11) 12... O-O 13.
Re1 (13. Qc2 $142 {
With idea Rd1,Qb2,exchange bishops and f3,e4.Rook may standing better on d1.})
13... Rc8 (13... Na6 $2 14. a3 Rab8 15. b4 $16) 14. Qc2 h6 (14... a5 $5) 15.
Qb2 Bd5 16. Nh4 Bxg2 17. Nxg2 d6 18. f3 (18. Red1 Nbd7 19. f3 $14) 18... Nbd7
19. e4 c5 20. Ne3 (20. dxc5 $6 Rxc5 $1 (20... Nxc5 $6 21. Bxf6 $2 (21. Qd2 Qb6
22. Bd4 (22. Ne3 $5) 22... Rab8 23. Red1 $14) 21... Nd3 22. Rxc8+ Rxc8 23. Qd4
Nxe1 24. Nxe1 gxf6 $19) 21. Bd4 Rxc1 22. Rxc1 e5 23. Bc3 d5 24. exd5 (24. Bxe5
dxe4 $1 (24... Nxe5 25. Qxe5 dxe4 26. fxe4 (26. Rc7 $4 Qb6+ $19) 26... Qb6+ 27.
Kh1 Ng4 28. Qc5 Qxc5 29. Rxc5 Rd8 30. Rc1 Nf2+ 31. Kg1 Nxe4 $11) 25. Bxf6 Nxf6
$15) 24... Qxd5 $15 {Queen domination.}) 20... cxd4 21. Bxd4 Rxc1 22. Rxc1 e5
$1 23. Bc3 d5 24. exd5 (24. Bxe5 $2 dxe4 $15) 24... Nxd5 25. Nxd5 Qxd5 26. Qe2
Rc8 27. Kg2 f6 28. Bd2 $1 $14 {
28...Rc1+ 29. Bc1  Nc5 30. Be3 e4 31.Bc5 ef+ 32.Qf3 Qc5  33.Qf2 +/=} (28. Rd1
Qc6 29. Bb2 $11) 1/2-1/2

[Event "Rubinstein Memorial 35th"]
[Site "Polanica Zdroj"]
[Date "1998.08.24"]
[Round "7"]
[White "Shirov, Alexei"]
[Black "Oll, Lembit"]
[Result "1-0"]
[WhiteElo "2720"]
[BlackElo "2650"]
[PlyCount "79"]
[EventDate "1998.08.17"]
[EventType "tourn"]
[EventRounds "11"]
[EventCountry "POL"]
[EventCategory "17"]
[Source "ChessBase"]
[SourceDate "1998.11.30"]
[WhiteTeamCountry "EST"]
[BlackTeamCountry "CZE"]

1. e4 e5 2. Nf3 Nc6 3. Bb5 d6 4. O-O Bd7 5. Nc3 Nge7 6. d4 Nxd4 7. Nxd4 exd4 8.
Bxd7+ Qxd7 9. Qxd4 Nc6 10. Qe3 Be7 11. Nd5 O-O 12. b3 f5 13. Bb2 f4 14. Nxf4
Bg5 15. Qh3 Qxh3 16. Nxh3 Bh6 17. Rad1 Rae8 18. Rfe1 Ne5 19. f3 g6 20. Nf2 Bg7
21. Bd4 a6 22. c3 c5 23. Be3 Re6 24. Nd3 Nc6 25. Nf4 Ref6 26. Nd5 R6f7 27. Bf2
b5 28. Bg3 Rd8 29. a4 Rb7 30. axb5 Rxb5 31. f4 Rxb3 32. e5 Rb7 33. Bh4 Re8 34.
e6 h6 35. Nf6+ Bxf6 36. Bxf6 Na5 37. Rxd6 Nc4 38. Rxa6 Rb6 39. Rxb6 Nxb6 40.
Re5 1-0

[Event "Elista ol (Men)"]
[Site "Elista"]
[Date "1998.10.02"]
[Round "4"]
[White "Oll, Lembit"]
[Black "Bologan, Viorel"]
[Result "1/2-1/2"]
[WhiteElo "2650"]
[BlackElo "2585"]
[PlyCount "48"]
[EventDate "1998.09.29"]
[EventType "swiss ()"]
[EventRounds "13"]
[EventCountry "RUS"]
[Source "ChessBase"]
[SourceDate "1998.11.06"]
[WhiteTeamCountry "EST"]
[BlackTeamCountry "CZE"]

1. e4 g6 2. d4 Bg7 3. Nc3 c6 4. f4 d5 5. e5 Nh6 6. Nf3 f6 7. Bd3 Bg4 8. O-O O-O
9. Ne2 Nd7 10. h3 Bxf3 11. Rxf3 e6 12. c3 fxe5 13. dxe5 Qe7 14. Be3 Nf5 15. Bf2
Nh4 16. Rg3 Nf5 17. Rf3 g5 18. g3 Kh8 19. Kh1 gxf4 20. gxf4 Nh4 21. Bxh4 Qxh4
22. Qf1 Qh5 23. Nd4 Rae8 24. Qg2 Bh6 1/2-1/2

[Event "Elista ol (Men)"]
[Site "Elista"]
[Date "1998.10.04"]
[Round "6"]
[White "Oll, Lembit"]
[Black "Jussupow, Artur"]
[Result "1/2-1/2"]
[WhiteElo "2650"]
[BlackElo "2640"]
[PlyCount "54"]
[EventDate "1998.09.29"]
[EventType "swiss ()"]
[EventRounds "13"]
[EventCountry "RUS"]
[Source "ChessBase"]
[SourceDate "1998.11.06"]
[WhiteTeamCountry "EST"]
[BlackTeamCountry "CZE"]

1. c4 e5 2. Nc3 Nc6 3. Nf3 Nf6 4. d3 g6 5. g3 Bg7 6. Bg2 O-O 7. O-O d6 8. Rb1
a5 9. a3 Bf5 10. Bg5 h6 11. Bxf6 Bxf6 12. Nd2 Bg7 13. b4 axb4 14. axb4 Rb8 15.
b5 Ne7 16. Qb3 c6 17. Rb2 Be6 18. Rfb1 Rc8 19. Na4 f5 20. Qa3 Kh7 21. bxc6 bxc6
22. Rb7 Rf7 23. Nb6 Rc7 24. Qa8 Qxa8 25. Nxa8 Rxb7 26. Rxb7 d5 27. Nb6 e4
1/2-1/2

[Event "Elista ol (Men)"]
[Site "Elista"]
[Date "1998.10.06"]
[Round "8"]
[White "Oll, Lembit"]
[Black "Kasimdzhanov, Rustam"]
[Result "1/2-1/2"]
[WhiteElo "2650"]
[BlackElo "2570"]
[PlyCount "106"]
[EventDate "1998.09.29"]
[EventType "swiss ()"]
[EventRounds "13"]
[EventCountry "RUS"]
[Source "ChessBase"]
[SourceDate "1998.11.06"]
[WhiteTeamCountry "EST"]
[BlackTeamCountry "CZE"]

1. e4 c5 2. Nf3 e6 3. d4 cxd4 4. Nxd4 Nc6 5. Nc3 Qc7 6. Be3 Nf6 7. f3 a6 8. Qd2
Ne5 9. O-O-O b5 10. Kb1 Bb7 11. Bd3 b4 12. Nce2 d5 13. Bf4 Rd8 14. Qe1 dxe4 15.
fxe4 Qc5 16. Nb3 Nxd3 17. cxd3 Qb6 18. Qg3 Rd7 19. Be3 Qd8 20. Bd4 h5 21. Rhf1
h4 22. Qe3 Rh5 23. Bb6 Qb8 24. h3 Rb5 25. Bc5 e5 26. Bxf8 Kxf8 27. Nc5 Rd8 28.
Rc1 Kg8 29. d4 exd4 30. Nxd4 Rxc5 31. Rxc5 Bxe4+ 32. Ka1 Bxg2 33. Rg1 Qg3 34.
Qxg3 hxg3 35. Rc4 Bxh3 36. Rxg3 Be6 37. Rxb4 a5 38. Ra4 Rd5 39. b3 Bd7 40. Rc4
Ne4 41. Rd3 g5 42. Kb2 g4 43. Kc2 Nf2 44. Re3 Kg7 45. a4 Kh6 46. Re7 f6 47. Kd2
g3 48. Ke3 Bg4 49. Rcc7 Re5+ 50. Rxe5 fxe5 51. Nf3 Nd1+ 52. Ke4 Nf2+ 53. Ke3
Nd1+ 1/2-1/2